Category Elimination - Australia - Statistics

General Stats
  • This quiz has been taken 431 times
  • The average score is 11 of 20
Answer Stats
Group # Category % Correct
Green 47 Cities in Australia (30,000+)
100%
Green 19 ... beginning with letters A-D
97%
Green 8 ... with more than 100,000 people
96%
Yellow 39 1 Word Cities in Australia
93%
Yellow 21 ... south of Sydney
89%
Blue 20 State, territory, or overseas territory in Australia
84%
Blue 14 ... with an area less than 500,000 km²
81%
Blue 11 ... an island
78%
Green 2 ... north of the Tropic of Capricorn
74%
Blue 8 ... not recognised as a country
73%
Blue 1 ... a state or territory (not overseas) Tasmania
70%
Green 1 ... not in a State Darwin
65%
Pink 55 Towns and cities in Australia (10,000-30,000)
46%
Pink 17 ... in AEST but not in NSW
21%
Pink 15 ... on the mainland
20%
Yellow 8 ... with less than 50,000 people
17%
Yellow 7 ... beginning with a consonant
14%
Pink 3 ... with two words in its name
9%
Yellow 1 ... on an island Devonport
9%
Pink 1 ... not in Victoria Mount Isa
8%
No matching quizzes found
Score Distribution
Percent of People with Each Score
Percentile by Number Answered
Your Score History
You have not taken this quiz